000 00454nam a22001457a 4500
003 OSt
005 20250128102946.0
008 250128b |||||||| |||| 00| 0 eng d
040 _c0
082 _aDPer 370.15 J82 July-August 2023 v. 115 n. 5-6.
245 _aJournal of educational psychology
260 _aWashington ;
_bAmerican Psychological Association,
_cJuly-August 2023.
300 _avarious paging :
_billustration ;
_c28 cm.
942 _2ddc
_cPER
999 _c23365
_d23365